03608nam a22003617a 45000010005000000030006000050050017000110080041000280200018000690400032000870820008001191000013001272450564001402600034007043000048007384900043007865050008008295201283008375200478021205210029025985210020026276500117026476500038027647000029028027000029028317000034028607000034028947000031029289420016029599990015029759520134029909520122031241720FISKH20231003161645.0230919b cb ||||| |||| 00| 0 khr d a9789924341710 aFISKH bengcFISKH dFISKH  a902 aYeyeong  a100 ហេតុការណ៍នៃប្រវត្តិសាស្រ្តពិភពលោក / bពីសង្រ្គាមលោកលើកទី១ រហូតដល់ការរំលាយសហភាពសូវៀត : cនិពន្ធដោយ យេ យ៉ង, ស៊ីន ជេហ្វាន់ និង ឆាន់ ដុងហូ - គូររូបដោយ ស៊ីន ជេហ្វាន់ និង ឆង់ ដុហូ - បកប្រែពីភាសាកូរ៉េដោយ ទូច វណ្ដា  aPhnom Penh : bSipar, c2023. a116 pages : bcolor illustrations ; c23 cm aខ្ញុំចង់ដឹង v6  aZ'  a100 ហេតុការណ៍ គឺជាការបកប្រែនៃស៊េរីសៀវភៅរូបភាពថ្លុកកំប្លែងដែលមើលឃើញរបស់កូរ៉េដែលមានចំណងជើងថា "100 ហេតុការណ៍: ប្រវត្តិសាស្រ្តនៃពិភពលោក"។ នៅក្នុងផ្នែកទី 6 នេះ មិត្តអ្នកអាននឹងដឹងពីព្រឹត្តិការណ៍ប្រវត្តិសាស្ត្រជាច្រើនដែលបានកើតឡើងនៅអឺរ៉ុប និងអាស៊ី ចាប់ពីការផ្ទុះឡើងនៃសង្គ្រាមលោកលើកទី 1 រហូតដល់ការរំលាយសហភាពសូវៀត រួមទាំងបដិវត្តន៍រុស្ស៊ី វិបត្តិសេដ្ឋកិច្ចពិភពលោក សង្គ្រាមលោកលើកទី 2 ការចុះចតនៃអាប៉ូឡូ 11 នៅលើព្រះច័ន្ទ និងព្រឹត្តិការណ៍ជាច្រើនទៀតពេញមួយសតវត្សទី 20 ។ a 100 Scenes Series​ of comics is a translation of a Korean visuals book series entitled “100 Scenes Series: The History of the World”. In this 6th part, readers will know many historical events which took place in Europe and Asia, from the outbreak of World War I to the dissolution of the Soviet Union, including the Russian Revolution, the global economic crisis, World War II, the landing of Apollo 11 on the moon and many other events throughout the 20th century.8 a1060 bLexile estimate 8 aZ' bRaz-Plus  aសង្រ្គាមលោក vបដិវត្តន៍ xប្រវត្តិសាស្រ្ត  aWorld war vRevolution xHistory  aJae-hwan, shin eAuthor  aDong-ho, Jeong eAuthor  aJae-hwan, shin eillustrator  aDong-ho, Jeong eillustrator  aVanda, Touch eTranslator  2ddccKHBn0 c1720d1720 01102ddc41708KHMERNFa001b001cRHTK2d2023-09-19l1oYEO 902p2023-0669r2026-02-02 09:35:00s2025-11-28t1w2023-09-19yKHB 00102ddc40708KHMERNFa001b001cRHTK2d2023-09-19l0oYEO 902p2023-0670r2023-09-19 16:15:15t2w2023-09-19yKHB